000 00257nam a2200109Ia 4500
008 190216s9999||||xx |||||||||||||| ||und||
100 _aFour Authors
245 0 _aSimple History Of England
260 _bSurjeet Pubs.Delhi
650 _aHistory
942 _cBK
999 _c19568
_d19568